00578nam a22000977a 4500008004100000050002200041100002300063245031300086260004400399300003700443170201b xxu||||| |||| 00| 0 eng d aND237 .B47K3 1958 aBenton,Thomas Hart aThomas Hart Benton :ba restrospective [sic] exhibition ... presented under the patronage of the Honorable Harry S. Truman and Mrs. Truman of Independence, Missouri , April 12 to May 18, 1958, The University of Kansas Museum of Art, Lawrence, Kansas.cThomas Hart Benton; University of Kansas. Museum of Art. aLawrence, Kan. : bThe Museum, cc1958. avarious paging . :bill. ;c23cm